Scott thornbury's 30 language teaching methods (Record no. 228364)

MARC details
000 -LEADER
fixed length control field 01326nam a22002177a 4500
005 - DATE AND TIME OF LATEST TRANSACTION
control field 20230819085036.0
008 - FIXED-LENGTH DATA ELEMENTS--GENERAL INFORMATION
fixed length control field 230818b ||||| |||| 00| 0 eng d
020 ## - INTERNATIONAL STANDARD BOOK NUMBER
International Standard Book Number 9781108408462
040 ## - CATALOGING SOURCE
Transcribing agency AL
041 ## - LANGUAGE CODE
Language code of text/sound track or separate title eng
082 ## - DEWEY DECIMAL CLASSIFICATION NUMBER
Edition number 23
Classification number 418.0071
Item number THOS
100 ## - MAIN ENTRY--PERSONAL NAME
Personal name Scott Thornbury
9 (RLIN) 130232
245 ## - TITLE STATEMENT
Title Scott thornbury's 30 language teaching methods
260 ## - PUBLICATION, DISTRIBUTION, ETC.
Place of publication, distribution, etc. New York
Name of publisher, distributor, etc. Cambridge University Press
Date of publication, distribution, etc. 2017
300 ## - PHYSICAL DESCRIPTION
Extent x,130p.
Other physical details PB
Dimensions 20.2x13.2cm.
365 ## - TRADE PRICE
Source of price type code General
Price type code 3920
Price amount ₹1120.00
Currency code
Unit of pricing ₹1400.00
Price note 20%
Price effective from 16-08-2023
520 ## - SUMMARY, ETC.
Summary, etc. Scott Thornbury's very accessible 30 Teaching Methods, groups methods according to what they have in common, even if separated in time. At the same time, it rehabilitates some lost or forgotten methods, with a view to challenging current orthodoxies, especially with regard to such topics as translation, rote learning, authenticity, and communication. In doing this it aims to unpack, not just the history of methods, but the beliefs that underpin them and the benefits that still might possibly accrue from experimenting with them. Through its inclusion of interesting characters, intriguing anecdotes, and often bizarre techniques, the material is absorbing and engaging.
650 ## - SUBJECT ADDED ENTRY--TOPICAL TERM
Source of heading or term Linguistics
Topical term or geographic name entry element Language
9 (RLIN) 130233
700 ## - ADDED ENTRY--PERSONAL NAME
Personal name Kerr, Philip; ed.
9 (RLIN) 130234
942 ## - ADDED ENTRY ELEMENTS (KOHA)
Source of classification or shelving scheme Dewey Decimal Classification
Koha item type Book
Holdings
Withdrawn status Lost status Source of classification or shelving scheme Damaged status Not for loan Collection code Home library Current library Date acquired Source of acquisition Cost, normal purchase price Total Checkouts Full call number Barcode Date last seen Date last checked out Cost, replacement price Price effective from Koha item type
    Dewey Decimal Classification     MA English St Aloysius PG Library St Aloysius PG Library 08/18/2023 Biblios Book Point 1120.00 1 418.0071 THOS PG024384 09/20/2023 09/18/2023 1400.00 08/18/2023 Book
    Dewey Decimal Classification     MA English St Aloysius PG Library St Aloysius PG Library 08/18/2023 Biblios Book Point 1120.00   418.0071 THOS PG024385 08/18/2023   1400.00 08/18/2023 Book